| 000 | 00803nam a2200241 a 4500 | ||
|---|---|---|---|
| 999 |
_c3882 _d3882 |
||
| 003 | PK-NaQUE | ||
| 005 | 20260414090242.0 | ||
| 008 | 260414b ||||| |||| 00| 0 eng d | ||
| 020 | _a1587132044 (paperback) | ||
| 020 | _a9781587132049 (paperback) | ||
| 040 | _cQUEST | ||
| 082 | _a004.6JOH | ||
| 100 | 1 | _aJohnson, Allan. | |
| 245 | 1 | 0 | _aRouting Protocols and Concepts: ccna exploration labs and study guide |
| 260 |
_aU S A _bCisco Press, _c2007. |
||
| 300 | _a576 p. ; | ||
| 650 | _aRouters (Computer networks) | ||
| 650 | _aRouting protocols (Computer network protocols) | ||
| 650 | _aTelecommunications engineers--Certification--Examinations | ||
| 650 | _aInternetworking (Telecommunication) | ||
| 856 |
_uhttp://10.10.170.122:8080/browse/book/18642 _yDownload eBook |
||
| 942 |
_cBK _2ddc |
||